000 00430nam a22001697a 4500
005 20160701152759.0
008 160701b xxu||||| |||| 00| 0 eng d
020 _a81-219-1114-1
041 _aeng
082 _b20669
100 _aSharma Dr.PC
_93416
245 _aA Text book of production Technology
260 _aNew Delhi
_bSultan Chand & Sons,
_c2014
300 _a827
650 _aDiploma Engineering
_9817
942 _cBK
999 _c5112
_d5110